| 000 | 00775pam a2200217 4500 | ||
|---|---|---|---|
| 001 | 2634 | ||
| 005 | 20181127165412.0 | ||
| 008 | 881021s1989 nyua b 001 0 eng | ||
| 010 | _a 88047938 | ||
| 020 | _a0801419530 | ||
| 020 | _a0801495512 | ||
| 043 | _ad------ | ||
| 100 | 1 | _aMonke, Eric A. | |
| 245 | 1 | 4 |
_aThe policy analysis matrix for agricultural development / _cEric A. Monke and Scott R. Pearson. |
| 260 |
_aIthaca : _bCornell University Press, _c1989. |
||
| 300 |
_axi, 279 p. : _bill. ; _c24 cm. |
||
| 504 | _aIncludes bibliographical references and index. | ||
| 650 | 0 |
_aAgriculture and state _xDecision making _xEconometric models. |
|
| 650 | 0 |
_aAgriculture and state _zDeveloping countries _xDecision making _xEconometric models. |
|
| 700 | 1 | _aPearson, Scott R. | |
| 999 |
_c2098 _d2098 |
||